Un decenio de la historia de Chile, 1841-1851

Gardado en:
Detalles Bibliográficos
Autor Principal: Barros Arana, Diego Jacinto Agustín (Author)
Formato: Libro
Idioma:Lingua castelá
Publicado: Santiago, Chile Universitaria 1905
Subjects:
Tags: Engadir etiqueta
Sen Etiquetas, Sexa o primeiro en etiquetar este rexistro!

MARC

LEADER 00000nam a2200000 a 4500
001 UCO1542
003 CL-VaPUC
005 20220112105049.0
008 000519e19050000CL |||||||||||||||||spa|d
999 |c 288153  |d 288151 
040 |c Pontificia Universidad Católica de Valparaíso 
082 0 4 |a 983.04 BAR 1905  |2 21 
100 0 |a Barros Arana, Diego Jacinto Agustín  |e author  |9 443774 
245 1 3 |a Un decenio de la historia de Chile, 1841-1851 
260 |a Santiago, Chile  |b Universitaria  |c 1905 
300 |a volúmenes 
583 |a last modification  |c 20190729 02:19:56  |k Rodrigo Vera 
600 0 |a Bulnes, Manuel  |9 315172 
650 7 |a HISTORIA DE CHILE  |2 CL-VaPUC  |9 443775  |y 1841-1851 
650 7 |a POLITICA Y GOBIERNO  |2 CL-VaPUC  |9 329441  |y 1841-1851  |z CHILE 
852 |a BIBCUR 
942 |c BK  |2 ddc 
945 |d 20000519 00:00:00  |a crobeson 
952 |0 0  |1 0  |2 ddc  |4 0  |6 983_040000000000000_BAR_1905  |7 0  |8 X  |9 335567  |a BIBHIS  |b BIBHIS  |d 2019-11-20  |h v.1  |i 1276026  |o 983.04 BAR 1905  |p 1276026  |r 2019-11-20  |t 1  |w 2019-11-20  |y BK_X  |k HIS 
952 |0 0  |1 0  |2 ddc  |4 0  |6 983_040000000000000_BAR_1905  |7 0  |8 X  |9 335568  |a BIBHIS  |b BIBHIS  |d 2019-11-20  |h v.2  |i 1276034  |o 983.04 BAR 1905  |p 1276034  |r 2019-11-20  |t 1  |w 2019-11-20  |y BK_X  |k HIS